Felizes para sempre (Record no. 156304)

MARC details
000 -LÍDER
campo de controle de tamanho fixo 00326 a2200145 4500
001 - NÚMERO DE CONTROLE
campo de controle 156304
040 ## - FONTE DA CATALOGAÇÃO
Instituição que transcreveu o registro Escola São Tomás de Aquino
100 ## - ENTRADA PRINCIPAL--NOME PESSOAL
Nome pessoal PESSÔA, Augusto
240 10 - TÍTULO UNIFORME
Título uniforme Felizes para sempre
Idioma da obra por
245 10 - TÍTULO
Título Felizes para sempre
300 ## - DESCRIÇÃO FÍSICA
Extensão 54
362 0# - DATAS DE PUBLICAÇÃO E/OU DESIGNAÇÃO SEQUENCIAL
Datas de publicação e/ou designação sequencial 2003
697 ## - ENTRADA DE ASSUNTO LOCAL--ENTIDADE COLETIVA (RLIN)
Nome corporativo ou nome da jurisdição *LITERATURA JUVENIL
942 ## - ELEMENTOS DE ENTRADA ADICIONADOS (KOHA)
Tipo de material Koha Livros
Holdings
Situação do descarte Situação das perdas Situação física Não pode ser emprestado Biblioteca de origem Biblioteca atual Data de aquisição Total de empréstimos Número de chamada completo Código de barras Data de último acesso Data do preço efetivo Tipo de material Koha
        ESTA - SÃO BENTO ESTA - SÃO BENTO 30/04/2024   028.54 FEL EST00010416 30/04/2024 30/04/2024 Livros